UBT Library

Sams teach yourself ASP.NET in 21 days / (Record no. 1347)

000 -LEADER
fixed length control field 00506nam a22001817a 4500
008 - FIXED-LENGTH DATA ELEMENTS--GENERAL INFORMATION
fixed length control field 151102b xxu||||| |||| 00| 0 eng d
020 ## - INTERNATIONAL STANDARD BOOK NUMBER
International Standard Book Number 0672321688
041 0# - LANGUAGE CODE
Language code of text/sound track or separate title eng
080 ## - UNIVERSAL DECIMAL CLASSIFICATION NUMBER
Universal Decimal Classification number 004.272.23
100 1# - Rafti
Rafti Payne, Chris.
245 10 - TITLE STATEMENT
Title Sams teach yourself ASP.NET in 21 days /
Statement of responsibility, etc Chris Payne.
260 ## -
-- Indianapolis, Ind. :
-- Sams,
-- c2002.
300 ## -
-- xvi, 997 f. ;
-- me il.;
-- 24 cm. +
-- 1 CD-ROM (4 3/4 in.)
650 #0 -
-- Programimi
650 #0 -
-- Internet
650 #0 -
-- Web sites
942 ## - ADDED ENTRY ELEMENTS (KOHA)
Source of classification or shelving scheme
Item type Books
Holdings
Withdrawn status Lost status Source of classification or shelving scheme Damaged status Not for loan Collection code Permanent location Current location Shelving location Date acquired Total Checkouts Full call number Date last seen Price effective from Koha item type
          Koleksioni i përgjithshem UBT - Lipjan UBT - Lipjan Koleksioni i përgjithshem 11/02/2015   004.272.23 PAY 11/02/2015 11/02/2015 Books
UBT Library © 2015-2024. All rights reserved University Education for Business and Technology